000
00228 a2200097 4500
001
51075
100
_a
Green R W
245
_a
Chemical Engineering Guide to Corrosion
260
_a
New York
_b
McGraw-H
_c
090
_c
32336
_d
32336
942
_a
NUST-CAE
_c
M
_c
24821
999
_c
286148
_d
286148